000 00315nam a22001337a 4500
008 181004b xxu||||| |||| 00| 0 eng d
020 _a1590312430
041 _aeng
080 _25th
_a341
100 _a15
101 _aSHJ
245 _aAnnotated Model Rules of Professional Conduct
_cGray,J.P
942 _2udc
_cBK
999 _c48866
_d48866